The impact of cloud track wind data on global analyses and medium range forecasts /

Bibliographic Details
Corporate Author: European Centre for Medium Range Weather Forecasts
Other Authors: Kållberg, P.
Format: Book
Language:English
Published: Reading Berks : European Centre for Medium Range Weather Forecasts, 1982.
Series:Technical report (European Centre for Medium-Range Weather Forecasts) ; no. 34.
Subjects:

MARC

Tag First Indicator Second Indicator Subfields
LEADER 00000cam a2200000Ia 4500
001 in00001838321
005 20151026100631.0
008 840320s1982 enka b i000 0 eng d
035 |a (OCoLC)ocm10542596 
040 |a OLA  |c OLA  |d TXA  |d UtOrBLW 
049 |a TXAM 
090 |a QC994.95  |b .E9 no.34 
245 0 4 |a The impact of cloud track wind data on global analyses and medium range forecasts /  |c by P. Kållberg [and others]. 
264 1 |a Reading Berks :  |b European Centre for Medium Range Weather Forecasts,  |c 1982. 
300 |a 60 pages :  |b illustrations ;  |c 30 cm. 
336 |a text  |b txt  |2 rdacontent 
337 |a unmediated  |b n  |2 rdamedia 
338 |a volume  |b nc  |2 rdacarrier 
490 1 |a Technical report / European Centre for Medium Range Weather Forecasts ;  |v no. 34 
504 |a Bibliography: page 58. 
650 0 |a Numerical weather forecasting. 
700 1 |a Kållberg, P. 
710 2 |a European Centre for Medium Range Weather Forecasts. 
830 0 |a Technical report (European Centre for Medium-Range Weather Forecasts) ;  |v no. 34. 
948 |a cataloged  |b h  |c 2004/8/26  |d c  |e blrosas  |f 10:15:06 am 
994 |a C0  |b TXA 
999 |a MARS 
999 f f |s dfd77476-1416-3ec4-9d41-037ef42edc00  |i e7a5250e-d776-32d3-a201-99d6b4971103  |t 0 
952 f f |p ric  |a Texas A&M University  |b Rellis Campus  |c Joint Library Facility  |s JLF  |d Remote Storage  |t 0  |e QC994.95 .E9 no.34  |h Library of Congress classification  |i unmediated -- volume  |m A14831324573 
998 f f |a QC994.95 .E9 no.34  |t 0  |l Remote Storage